000 00840nam a2200205Ii 4500
003 JO-AjNU
008 230605s9999||||xx |||||||||||||| ||und||
017 _a1999/9/1683
040 _aJO-AjNU
_bara
_erda
_cJO-AjNU
041 _aara
050 1 4 _aDS109.9.K3622 2000
100 3 _aكنعان، عبدالله توفيق؛ تدقيق الطباعة مطر، احمد فايز؛ التصميم والاشراف الفني عليان،فراس ابراهيم,
_eauthor
_947719
245 0 0 _aالقدس من منظور اسرائيلي: دراسة تحليلية
264 3 1 _aعمان: مكتبة المدينة، 2000
300 _a303ص
336 _atext
_btxt
_2rdacontent
337 _aunmediated
_bn
_2rdamedia
338 _avolume
_bnc
_2rdacarrier
650 4 _aالقدس-النزاع الاسرائيلي العربي
_947720
999 _aA20851
_c24419
_d24419